00543nam a2200181Ia 4500003000900000008004100009020001800050040001600068080002200084100001900106245007300125260003300198300001300231650004100244650002500285650002500310700002600335IN-BaIIA211028s9999 xx 000 0 eng d a0-08-020914-9 cIIA Library a524.352(091)bCLA aClark, David H 4aThe historical supernovaecDavid H. Clark and F. Richard Stephenson. aOxfordbPergamon Pressc1977 ax, 233p. aAstronomy and astrophysics thesaurus aHistory - supernovae aSupernovae - history aStephenson, F Richard